idfc - blackbear - All Lyrics - Statistics

General Stats
  • This quiz has been taken 80 times
  • The average score is 215 of 244
Answer Stats
Answer % Correct
a
100%
don't
100%
I
100%
care,
97%
care
97%
'Cause
97%
fucking
97%
Oh,
97%
oh,
97%
oh
97%
yeah
97%
you
97%
all
92%
at
92%
for
92%
know
92%
love
89%
me
89%
me,
89%
the
89%
been
86%
even
86%
face
86%
feelings
86%
in
86%
lies,
86%
look
86%
Tell
86%
where
86%
your
86%
But
84%
fake
84%
have
84%
if
84%
I'm
84%
night,
84%
pretty
84%
so
84%
that
84%
You're
84%
you're
84%
You've
84%
you've
84%
hella
81%
it's
81%
like
81%
Like
81%
out
81%
act
78%
any
78%
fool
78%
scared
78%
not
76%
sense
76%
And
73%
only
73%
makin'
70%
too
70%
good
68%
there
68%
they
65%
words,
65%
ain't
62%
slurrin'
59%
maybe
54%
No matching quizzes found
Score Distribution
Percent of People with Each Score
Percentile by Number Answered
Your Score History
You have not taken this quiz